[Event "Benasque"]
[Site "Benasque"]
[Date "1995.??.??"]
[Round "4"]
[White "Miles, Anthony John"]
[Black "Garcia Ilundain, David"]
[Result "1-0"]
[WhiteElo "2600"]
[BlackElo "2510"]
[Annotator "Stohl,I"]
[PlyCount "91"]
[EventDate "1995.07.??"]
[EventType "tourn"]
[EventRounds "9"]
[EventCountry "ESP"]
[EventCategory "13"]
[SourceTitle "CBM 050"]
[Source "ChessBase"]
[SourceDate "1996.02.01"]
[SourceVersion "1"]
[SourceVersionDate "1996.02.01"]
[SourceQuality "1"]

1. d4 Nf6 2. Nf3 e6 3. Bg5 h6 4. Bh4 (4. Bxf6 Qxf6 5. e4 Nc6 $5 6. g3 e5 7. d5
Nd4 8. Nxd4 exd4 9. Nd2 g6 10. f4 Bg7 11. Bh3 $1 Qb6 12. Rb1 O-O 13. O-O d6 14.
Bxc8 d3+ 15. Kg2 dxc2 16. Qxc2 Raxc8 17. Nc4 Qb5 18. a4 $14 {Rustemov,
A-Sokolov,A/RUS-ch Elista/1995/}) 4... d6 5. c3 (5. h3 b6 6. Nbd2 Bb7 7. e3
Nbd7 8. Bd3 g5 9. Bg3 Bg7 10. Qe2 Qe7 11. c3 a6 12. O-O O-O 13. Nh2 Nd5 14.
Rae1 f5 15. e4 Nxc3 $1 16. bxc3 f4 17. Bxf4 Rxf4 18. g3 Rf7 19. f4 gxf4 20.
gxf4 Raf8 21. Qe3 Qh4 $40 {Yedidia,J-DeFirmian,N/World Open/1995/}) (5. Nbd2
Nbd7 (5... g5 6. Bg3 Nh5 7. e3 Bg7 8. Be2 (8. c3 Nd7 9. Be2 Ndf6 10. O-O Qe7
11. e4 Nxg3 12. hxg3 O-O 13. Bd3 b6 14. Qe2 Bb7 15. Ba6 Bc6 16. Bb5 Bb7 17. Ba6
Bc6 $10 {1/2/Seirawan,Y-Ehlvest,J/Skelleftea WCup/1989/}) 8... Nxg3 9. hxg3 Nd7
10. c3 b6 11. a4 a6 12. Ng1 Bb7 13. Bf3 c6 14. Ne2 Qc7 15. g4 O-O-O 16. Qb3 d5
17. c4 Kb8 18. cxd5 cxd5 19. Rc1 Qd6 20. Ng3 Rc8 21. O-O Nf6 22. Rc3 $10 {
Tsorbatzoglou,T-Miles,A/Katerini op/1992/}) 6. e3 g5 7. Bg3 Nh5 8. Bd3 Bg7 9.
c3 Qe7 10. Ng1 Nxg3 11. hxg3 Nf6 12. Qf3 g4 13. Qd1 Bd7 14. Ne2 h5 15. Qc2
O-O-O 16. O-O-O Kb8 17. Rh2 c5 18. Rdh1 cxd4 19. exd4 e5 20. Kb1 Bc6 21. Bf5
Rhe8 $13 {Illner,A-Ionov,S/Dortmund Op-A/1992/}) 5... g5 $5 6. Bg3 Nh5 7. e4
Bg7 8. Na3 (8. Nfd2 Nxg3 9. hxg3 Nc6 10. Na3 O-O 11. Bd3 f5 12. exf5 exf5 13.
O-O Kh8 14. Re1 a6 15. Nc2 d5 16. f4 g4 17. Nb3 Qd6 18. Qd2 Ne7 19. Be2 Ng8 20.
Nc5 Nf6 21. Nd3 Ne4 22. Qe3 h5 23. Ne5 Qh6 24. Bd3 Be6 $15 {Matlak,M-Marin,M/
Odorheiu zt/1995/}) 8... O-O (8... Nd7 9. Bd3 Qe7 $13) 9. Nd2 Nxg3 10. hxg3 c5
$6 $146 {Black should open the game for his ^^, but this is not a good idea.
Now a relatively stabilized position arises, in which especially Bc8 has only
a small scope.} (10... b6 11. Bd3 Bb7 12. f4 $36 {[%csl Rg6,Rh5,Rh7] ׻}) (
10... Nc6 $142 $13 {see Matlak-Marin}) 11. dxc5 $1 dxc5 {[%csl Rc8]} 12. Ndc4
$36 Nc6 (12... b6 13. Nb5 $16) 13. Qd6 Qxd6 (13... Qe7 14. Qxe7 Nxe7 15. O-O-O
$16) 14. Nxd6 {[%csl Gd6] The white N on the strong d6-outpost has a cramping
effect on Black's position.} Rb8 15. O-O-O a6 (15... Rd8 $142 16. Be2 Bf8 $14 {
Black should fight against the intruder on d6.}) 16. Be2 b5 17. f4 $1 {/\e5()}
b4 (17... c4 18. e5 $16) 18. Nb1 a5 19. a4 $1 {[%csl Ra5,Rc5] ><a5,c5,<<} bxc3
20. bxc3 Ne7 (20... Bd7 21. Bb5 $16) 21. Kc2 $16 {[%cal Yb1a3,Ya3c4] /\Na3-c4}
c4 $5 22. Bxc4 Bd7 23. Bb5 Bxb5 24. Nxb5 {White's Nb5 is active and protects
the extra c3-pawn, the only possible object of the Bg7.} (24. axb5 $142 $5 $16)
24... Rfc8 25. Kb3 Nc6 (25... Rb7 26. N1a3 $16) 26. Rd7 Nd8 27. Kc2 Nb7 (27...
Nc6 28. e5 $16) 28. Na7 $1 Rc4 $2 (28... Nc5 $142 $5 29. Nxc8 Nxd7 (29... Rxc8
30. Ra7 $16) 30. Nd6 Nc5 31. e5 Nxa4 32. Nd2 Rb2+ 33. Kd3 $36) 29. e5 {Shuts
out the Bg7 and practically decides the game.} gxf4 (29... Rxa4 $2 30. Nc6 $18)
30. Nd2 Rxc3+ (30... Rxa4 31. Nc6 Ra2+ 32. Kb3 Rxd2 (32... Nc5+ 33. Kxa2 Nxd7
34. Nxb8 Nxb8 35. gxf4 $18) 33. Rxd2 {[%cal Rg3f4] /\gf4+-} Rc8 $2 34. Ne7+)
31. Kxc3 Nc5 32. Rd4 $5 Bxe5 33. Nc6 Nxa4+ (33... Bxd4+ 34. Kxd4 Rb2 35. Nc4
Nb3+ 36. Kc3 $18) 34. Kd3 Nb2+ 35. Ke4 $18 Bxd4 36. Nxb8 Be3 37. Rb1 (37. Nf3
$18) 37... Na4 38. Kd3 Nc5+ (38... Bxd2 39. Kxd2 fxg3 40. Rb5 {[%cal Rd2c2,
Rc2b3] /\Kc2-b3}) 39. Ke2 Bxd2 40. Kxd2 Ne4+ 41. Kd3 Nxg3 42. Nd7 Kg7 43. Rb7
Nf5 44. Ra7 Nh4 45. Ne5 Kf6 (45... Nxg2 46. Rxf7+ Kg8 47. Ke4 $18) 46. Ke4 1-0

[Event "Tilburg"]
[Site "Tilburg"]
[Date "1994.??.??"]
[Round "1"]
[White "Marin, Mihail"]
[Black "Yermolinsky, Alex"]
[Result "1/2-1/2"]
[WhiteElo "2520"]
[BlackElo "2590"]
[Annotator "Stohl,I"]
[PlyCount "63"]
[EventDate "1994.09.??"]
[EventType "k.o."]
[EventRounds "7"]
[EventCountry "NED"]
[SourceTitle "CBM 044"]
[Source "ChessBase"]
[SourceDate "1995.02.01"]
[SourceVersion "1"]
[SourceVersionDate "1995.02.01"]
[SourceQuality "1"]

1. d4 e6 2. g3 Nf6 (2... c5 3. Nf3 cxd4 (3... Qa5+ 4. Nc3 Nf6 5. Bd2 cxd4 6.
Nxd4 Qb6 7. Nb3 a6 8. Bg2 d6 9. a4 Be7 10. a5 Qc7 11. Na4 Nbd7 12. e4 O-O 13.
O-O d5 14. exd5 Nxd5 15. Qe2 Nb4 16. c4 Rb8 17. Bc3 Nc6 $132 {Petursson,
M-Yermolinsky,A/Chicago National op/1991/}) 4. Nxd4 Nc6 5. Bg2 Qb6 6. Nb3 d5 7.
O-O Nf6 8. Be3 Qc7 9. Nc3 Be7 10. Nb5 Qd8 11. c4 $1 O-O 12. Rc1 a6 13. N5d4 Ne5
14. cxd5 exd5 15. Bf4 Ng6 16. Bc7 Qe8 17. Nc5 Bxc5 18. Rxc5 Qe7 19. Qc2 Be6 20.
Rc1 $16 {^^,Hodgson,J-Landenbergue,C/Horgen SKA/1994/}) 3. Bg2 c5 4. Nf3 Qa5+
5. Nbd2 cxd4 (5... Nc6 6. dxc5 (6. O-O $5) 6... Bxc5 7. O-O Qc7 8. Nc4 $5 $14)
6. O-O Nc6 (6... d5 7. Nb3 Qb6 8. Qxd4 (8. Nfxd4 $142 $5) 8... Nc6 9. Qxb6 axb6
10. Be3 b5 11. a3 Bd6 12. c3 Ke7 13. Rfd1 h6 14. Nfd4 Na7 15. Nc2 Bd7 16. Bd4
Nc8 17. Nb4 Bc6 18. Rac1 Rg8 19. Rc2 Bxb4 20. axb4 Nd7 21. Bc5+ Nxc5 22. bxc5
Kf6 $10 {Kurajica,B-Romanishin,O/Manila olm/1992/}) 7. Nb3 Qc7 (7... Qb6 8.
Nfxd4 d5 9. c4 $1 Nxd4 (9... dxc4 10. Nxc6 cxb3 11. Be3 Qc7 12. Nxa7 $16 {/\}
Rxa7 13. Bxa7 b6 14. Rc1 Bc5 15. axb3 Qxa7 16. b4 $18) 10. Nxd4 dxc4 11. Be3
$44) 8. Nfxd4 d5 9. Nxc6 (9. c4 Nxd4 10. Qxd4 (10. Nxd4 Qxc4 11. Bf4 Bd7 $15)
10... e5 $36 {/\d4,dc4}) 9... bxc6 10. c4 Bd6 (10... Be7 11. cxd5 cxd5 12. Bf4
Qb6 13. Be3 Qb5 14. Qc2 $36 {/\Bc5,Nd4}) (10... Ba6 11. cxd5 cxd5 12. Bf4 Bd6
13. Rc1 Qe7 14. Bxd6 Qxd6 15. Nc5 $36) 11. Bg5 $1 O-O 12. Rc1 $16 Qe7 13. Na5
Bd7 14. e4 Rac8 (14... Bc7 15. cxd5 Bxa5 16. dxc6 {/\e5+-}) (14... dxe4 15.
Bxf6 gxf6 16. Bxe4 Rac8 17. c5 $1 Bxc5 18. Nb7 Bb4 (18... Bb6 19. Qg4+ Kh8 20.
Qh4 $18) 19. a3 Rb8 20. axb4 Rxb7 21. Qg4+ Kh8 22. Qh4 $18) (14... Bb4 15. Nxc6
Bxc6 16. e5 {/\Qf3+-} Rfd8) 15. Qe2 $2 (15. cxd5 cxd5 16. exd5 Rxc1 (16... exd5
17. Re1 $16) 17. Qxc1 exd5 18. Re1 Qd8 (18... Be6 19. Bxd5 $18) 19. Nb7 Qb6 20.
Bxf6 gxf6 (20... Qxb7 $2 21. Qg5 $18) 21. Bxd5 Bb4 22. Re4 $40) 15... h6 $1 (
15... dxe4 16. Bxe4 Bb4 $5 $14) 16. Bxf6 Qxf6 17. cxd5 cxd5 18. exd5 exd5 19.
Bxd5 Rc5 $1 $44 {^^} 20. Rxc5 $8 Bxc5 21. Nc4 Re8 22. Qf3 (22. Qd2 Bh3 23. Bg2
Bxg2 24. Kxg2 Qc6+ 25. f3 $8 Qe6 $44) 22... Qxf3 23. Bxf3 Be6 24. b3 Rd8 25.
Rc1 g5 $1 26. g4 h5 27. h3 hxg4 28. hxg4 (28. Bxg4 f5 $44) 28... Rd4 29. Ne3
Bb6 30. Rd1 Kg7 31. Rxd4 Bxd4 32. Nf5+ (32. Kg2 Kf6 33. Be2 Ke5 $44 {^^[+]}) (
32. Nf5+ Bxf5 33. gxf5 Kf6 34. Bd5 Kxf5 35. Bxf7 Kf4 $10) 1/2-1/2

[Event "WchT 9th"]
[Site "Antalya"]
[Date "2013.12.02"]
[Round "6.1"]
[White "Ipatov, Alexander"]
[Black "Kramnik, Vladimir"]
[Result "0-1"]
[WhiteElo "2630"]
[BlackElo "2793"]
[Annotator "Sumets,A"]
[PlyCount "82"]
[EventDate "2013.11.26"]
[EventType "team-tourn"]
[EventRounds "9"]
[EventCountry "TUR"]
[SourceTitle "CBM 158"]
[Source "ChessBase"]
[SourceDate "2014.01.16"]
[SourceVersion "1"]
[SourceVersionDate "2014.01.16"]
[SourceQuality "1"]
[WhiteTeam "Turkey"]
[BlackTeam "Russia"]
[WhiteTeamCountry "TUR"]
[BlackTeamCountry "RUS"]

1. d4 Nf6 2. Nf3 e6 3. Bg5 h6 4. Bh4 {White could have tried to seize the
centre after Bxf6:} (4. Bxf6 Qxf6 5. e4 d6 (5... d5) (5... c5) 6. Nc3 Nd7 7.
Qd2 a6 8. O-O-O Qe7 (8... Qd8 9. g4 g6 10. h4 Bg7 11. e5 d5 (11... b5 $5 12.
Bg2 Bb7) 12. Ne2 c5 13. c3 b5 14. Nf4 $6 (14. Kb1 Rb8 15. Rc1 $13) 14... Qb6
15. dxc5 Qxc5 (15... Nxc5 $1 16. Qe3 b4) 16. Qd4 Rb8 17. Nd3 Qc7 18. Kb1 a5 19.
Be2 Ba6 20. Rc1 O-O 21. Rhe1 Rfc8 $15 {Bellon Lopez,J (2422)-Laznicka,V (2704)
Caleta 2012 0-1 (56)}) 9. Bd3 g6 10. Rhe1 Bg7 11. h4 O-O 12. e5 c5 (12... d5 $5
13. Ne2 c5 14. dxc5 Nxc5 15. Ned4 b5 $132) 13. Ne4 cxd4 14. Nxd6 (14. exd6 $5
Qd8 15. g4) 14... Nxe5 15. Nxe5 Qxd6 16. f4 b5 17. h5 $6 g5 18. Qe2 f5 $6 (
18... gxf4 $1 19. Qe4 f5 20. Qxa8 Bxe5 $17) 19. fxg5 Bxe5 20. Qxe5 Qxe5 21.
Rxe5 hxg5 22. g4 $13 {Chernyshov,K (2531)-Volokitin,A (2679) Sochi 2005 1-0 
(41)}) 4... d6 5. e3 g5 {Black insists on trading White's dark-squared bishop.}
6. Bg3 Nh5 7. Bd3 (7. c4 Bg7 8. Nc3 O-O 9. Nd2 Nxg3 $8 10. hxg3 Nd7 11. Be2 c5
12. Nb3 Qe7 13. Qd2 cxd4 (13... b6 $5 14. O-O Bb7 $11) 14. Nxd4 Nb6 15. Rd1 Bd7
16. O-O Rfd8 17. Rfe1 Be8 18. e4 Rac8 $11 {Bu Xiangzhi (2673) -Bocharov,D 
(2594) Moscow 2010 1-0 (48)}) 7... Bg7 {Certainly Kramnik doesn't want to take
the bishop immediately.} 8. Nbd2 Qe7 9. c3 (9. Qe2 Nd7 10. c3 a6 11. O-O-O b5
12. Nb3 O-O 13. Nbd2 $2 {This is actually a waste of time} Nxg3 14. hxg3 c5 15.
dxc5 Nxc5 16. Bc2 Rb8 17. Nd4 Bd7 18. Rh5 b4 19. c4 f5 20. g4 fxg4 21. Qxg4 e5
22. Nf5 Rxf5 23. Bxf5 Nd3+ 24. Kc2 Nxf2 25. Qf3 Bxf5+ 26. Qxf5 Rf8 {0-1
Stefanova,A (2480)-Georgiev,K (2675) Recklinghausen 1998}) 9... Nd7 10. Qc2 a6
{The main line and it seems to be the best setup. Black also can play ...Nb6, .
..Bd7 and possibly 0-0-0.} (10... Nb6 11. O-O-O Bd7 12. e4 Rc8 $5 {A risky move
} (12... O-O-O {Black has at least an equal position.}) 13. d5 e5 14. Nf1 f5
15. exf5 Nxd5 16. f6 $6 (16. Ne3 $1 Ndf4 17. Be4 c6 18. Bxf4 Nxf4 (18... exf4
$2 19. Nc4 $18) 19. g3 Nh5 20. Nc4 $1 d5 21. f6 Nxf6 22. Bg6+ Kf8 23. Ncxe5 $16
) 16... Nhxf6 17. Bg6+ Kf8 18. Qb3 Qe6 19. Qxb7 a5 20. N1d2 Nb6 21. Rhe1 (21.
Kb1 a4 22. Rhe1 a3 23. b3 Nfd5) 21... Qxa2 22. Nb1 $2 (22. Bxe5 dxe5 23. Nxe5
$13) 22... Nfd5 $17 {Mueller,K (2490)-Wahls,M (2540) Dudweiler 1996 0-1 (78)})
11. O-O-O b5 12. Nb3 Rb8 {In the position hich has arisen it is quite hard for
White to find a plan.} 13. Kb1 {In the game examined, Alexander opted for Nb3,
Nfd2 with the possible continuation f4 or f3 and e4. It didn't work well.
Perhaps he could have tried to come up with an 'ugly' plan connected with h4.
In any case I think that Black is OK.} (13. Na5 Rb6 14. Kb1 c5 {leads to a
similar position.}) 13... O-O 14. Nfd2 (14. h4 $6 {A premature move} g4 15.
Nfd2 Nxg3 16. fxg3 Nf6 17. e4 Nh5 18. Nf1 c5 $17) 14... f5 15. f3 ({Maybe now
it was time to play} 15. h4 $5 Nxg3 16. fxg3 c5 17. Na5 Rb6 18. g4 fxg4 (18...
c4 $5 19. Be2 (19. Bxc4 $2 bxc4 20. Ndxc4 Bb7 $1 21. Nxb7 (21. Nxb6 $4 Be4)
21... Rxb7 $17) 19... d5 20. hxg5 Qxg5 21. gxf5 exf5 $13) 19. hxg5 Qxg5 20. Ne4
Qe7 21. Ng3 $44) 15... Nxg3 16. hxg3 c5 17. Na5 Rb6 18. f4 $6 {Now Black is
certainly better} (18. e4 $5 {The only move, which allows him to keep the
tension on the board. Black has several good options.} fxe4 (18... c4 $5 19.
Bxc4 {A forced decision} (19. Be2 $6 Nf6 20. Rde1 Qc7 $17) 19... bxc4 20. Ndxc4
fxe4 (20... Rb5 $2 21. Nc6 Qf6 22. Nxd6 $16) 21. fxe4 Qd8 22. Nxb6 Qxb6 23. Nc4
Qc7 $13 {The position remains unclear but here I would prefer to have the
black pieces.}) 19. fxe4 (19. Bxe4 $6 d5 20. Bh7+ Kh8 21. Rde1 c4 $40 {It
seems that White will be mated soon}) 19... Nf6 (19... e5 $5 20. d5 Nf6 (20...
c4 $5 21. Bxc4 (21. Be2 Nf6 22. Rdf1 Bd7 $15) 21... bxc4 22. Ndxc4 Rb5 23. a4
Rxa5 24. Nxa5 Nf6 25. Nc6 Qc7 26. Rhe1 Bb7 27. Qd3 $13) 21. Nc6 Qc7 22. c4 Bb7
23. Na5 Bc8 24. Nc6 $11) 20. e5 dxe5 21. dxc5 Qxc5 22. Ne4 Nxe4 23. Bxe4 Rd6
24. Qe2 $44 {White has some compensation for the sacrificed pawn}) 18... d5 19.
b4 $5 {Alexander decided to sacrifice a pawn. Otherwise his opponent would
have got an easy game.} (19. dxc5 Nxc5 20. Be2 Bd7 21. Nab3 Na4 {with ...b4
following.}) 19... c4 $1 (19... cxb4 $6 20. cxb4 Qxb4+ 21. Ndb3 g4 22. Rc1 Qd6
23. Qc7 $44) 20. Be2 Nf6 {White does not have any plan. He is just waiting.}
21. Rdf1 Bd7 $17 {Black has several plans to win the game.  1) He can double
rooks on the g-file and open files on the king side after gxf. The
disadvantage of this plan is the position of the black king on the kingside.
White could get some counterplay.  2) White's knight on a5 has no squares to
escape to, so Black could try to prepare ...Bf6, Bd8, Ba5 or Bf8, Bd6 (Be7),
Bc7(Bd8), Ba5. 3) Breakthrough in the centre after ...e5.} 22. Qd1 g4 23. Kb2
Rf7 24. Qc1 Bf8 25. Kc2 Rh7 26. Rh2 Be8 27. Rfh1 Nd7 28. Qb2 h5 29. Kc1 (29.
Re1 Bg6 30. Reh1 {preventing ...h4} e5 31. fxe5 Nxe5 32. dxe5 Qxe5 $19) 29...
e5 $1 30. dxe5 Nxe5 31. fxe5 Qxe5 {Black is a piece down, but his position
seems to be winning. White can afford to give up the e3-pawn, so he is forced
to play Nf1. As you can see, after Nf1 all White's pieces are in a ridiculous
situation.} 32. Nf1 Bg7 33. a3 ({The most stubborn continuation was} 33. Kd2
Bf6 34. Bd1 Bg6 (34... Bg5 35. Kc1) 35. Bc2 Bg5 36. Kc1 Re6 37. Kb1 Bf6 $19 {
White will lose the pawns placed on c3 and e3. His position is lost.}) 33...
Qxc3+ 34. Qxc3 Bxc3 35. Bd1 Re6 36. Bc2 Bg6 $19 {The game is over.} 37. Nd2 (
37. e4 fxe4 38. Ne3 Rd6 39. Rd1 d4 $19) 37... Rxe3 38. Rd1 Bf6 39. Rhh1 (39.
Nc6 Rc7 {and the white knight should go back to a5.}) 39... d4 40. Rde1 Rhe7
41. Rxe3 Rxe3 0-1

[Event "Mondariz zt 1.1"]
[Site "Mondariz"]
[Date "2000.09.12"]
[Round "9"]
[White "Miles, Anthony John"]
[Black "Speelman, Jonathan S"]
[Result "0-1"]
[WhiteElo "2584"]
[BlackElo "2623"]
[Annotator "Tsesarsky,I"]
[PlyCount "109"]
[EventDate "2000.09.03"]
[EventType "swiss"]
[EventRounds "11"]
[EventCountry "ESP"]
[SourceTitle "CBM 079"]
[Source "ChessBase"]
[SourceDate "2000.11.21"]
[SourceVersion "1"]
[SourceVersionDate "2000.11.21"]
[SourceQuality "1"]

1. d4 Nf6 2. Nf3 e6 3. c3 b6 4. Bg5 Bb7 5. Nbd2 Be7 6. e3 h6 7. Bh4 c5 8. Bd3
$6 {Not an obvious mistake!} (8. h3 $5 $11) 8... g5 $1 $15 {[%mdl 4] Good way
to refute white opening strategy - immediately promote PP on the kingside
attacking Bh4-g3.} ({Of course, 8...g5 is not only move: Black equalize also
after at least 3 continuations:} 8... O-O {-mainline.}) (8... d5 $11 {1/2-1/2
Miles,A-Adams,M/Hove 1997/CBM 61/ (36)}) (8... d6 $5 $132 9. Bxf6 Bxf6 10. O-O
O-O 11. b4 {1/2-1/2 Hodgson,J-Adams,M/London WFW 1990/CBM 18}) 9. Bg3 g4 10.
Ne5 h5 ({Not bad also} 10... Bxg2 11. Rg1 Bh3 (11... Bb7 12. Nxg4 $14) 12. Qa4
{and White must justify P lack.}) 11. f3 (11. e4 d6 {[%csl Re5]} 12. Qa4+ Kf8
13. Nec4 h4 14. Bf4 cxd4 15. cxd4 d5 16. exd5 Nxd5 17. Bxb8 Qxb8 $15 {0-1
Sandrin,A-Karklins,A/USA 1989/ (49)}) 11... d6 12. Bb5+ $2 $17 {This move is
bad novelty.} (12. Nec4 $142 b5 13. Na3 a6 14. Qe2 h4 15. Bf4 h3 16. e4 Nc6 $15
{0-1 Bourne,J-Ward,C/St. Helier JER 1999/(29)}) 12... Kf8 13. Nd3 {[%csl Rb5,
Rd3] Bb5 placed not harmoniously.} a6 14. Ba4 h4 15. Bf2 h3 $1 {[%cal Gb7h1]}
16. e4 {To truncate Bb7 diagonal. But white center will be destroyed.} (16. O-O
hxg2 17. Kxg2 gxf3+ 18. Nxf3 $17 {[%csl Rg2][%cal Gb7g2]}) (16. Rg1 c4 17. Nc1
hxg2 18. Rxg2 gxf3 19. Nxf3 Ne4 $17) 16... c4 $5 ({I would prefer} 16... hxg2
$1 17. Rg1 Rxh2 $17) 17. Nf4 (17. Nxc4 $2 b5 $19) 17... e5 18. Ne2 (18. gxh3
gxf3 $1 (18... exf4 19. hxg4 {with certain compensation for piece.}) 19. Nd5
Nxd5 20. exd5 Bxd5 $17) 18... hxg2 19. Rg1 gxf3 20. Ng3 d5 $2 $132 {Exploding
white center, but Black pieces are not developed and White take back Pf3 and
g2.} ({Much better was} 20... Rxh2 $1 21. dxe5 (21. Nxf3 Rh3 {[%csl Re4]} 22.
Bc2 exd4 23. Nxd4 Nbd7 24. Rxg2 Nc5 $17 {[%csl Re4]}) 21... dxe5 22. Nxf3 Rh3
23. Qxd8+ Bxd8 24. Rd1 Bc7 $17 {keeping advantage.}) 21. Qxf3 dxe4 22. Ngxe4
exd4 23. Bxd4 Nxe4 24. Nxe4 Rh4 (24... Rxh2 25. O-O-O $13) 25. Bc2 Bg5 (25...
Qd5 $143 26. O-O-O Bg5+ 27. Be3 Rxe4 28. Bxe4 Qxe4 29. Qxe4 Bxe4 30. Bxg5 Nc6
$14) 26. Qxg2 (26. Rxg2 Bxe4 27. Bxe4 Ra7 28. Rd1 $132) 26... Bxe4 27. Bxe4 Ra7
28. Kd1 $2 $17 {White K take a walk to more safety place on the queenside.} ({
However, better was} 28. Rd1 $1 Rd7 $1 (28... Qe7 29. Kf1 Rxe4 (29... Rf4+ 30.
Bf3 Qe4 31. Bg7+ Kg8 32. Rd8+ Bxd8 33. Bh6+ $18) 30. Qxg5 Qxg5 31. Rxg5 Rd7 32.
Kf2 $14) 29. Bf3 f6 $11) 28... Nc6 29. Qxg5 (29. Bxc6 $4 Rxd4+ $1 30. cxd4
Qxd4+ 31. Ke2 (31. Kc2 Qd3#) 31... Re7+ $19) 29... Qxg5 30. Rxg5 Nxd4 (30...
Rxe4 $2 31. Bg7+ Ke7 32. Rg2 $11 {[%cal Gd1c2]}) 31. cxd4 Rxe4 32. d5 Rh4 (
32... Rae7 $2 33. Kd2 Re2+ 34. Kc3 b5 35. Rag1 R7e3+ 36. Kd4 Ke7 (36... Rd3+
37. Kc5 Rxh2 $132 (37... Rxb2 38. Kd6 $1 $18 {[%csl Rf8]})) 37. Rf1 Re4+ 38.
Kc5 c3 $11 (38... Rxb2 $2 39. Rg7 $16)) 33. Kc2 Rxh2+ 34. Kc3 Re7 35. d6 (35.
Kxc4 Rxb2 36. a4 Re4+ 37. Kd3 Rbb4 38. a5 b5 39. Rh1 Rbd4+ 40. Kc2 (40. Kc3 b4+
41. Kb3 Re3+ $17) 40... Rh4 $17) 35... Re3+ 36. Kxc4 Rd2 37. Rf1 Rxd6 {Black
has P over in 4R endgame, and right plan for Black is to change pair of RR.}
38. Rgf5 Re7 39. a4 Kg7 40. a5 Re4+ $6 {After this unnecessary check pair of
PP is changed, the second pair of PP will be changed so far and White's chance
to draw the game increase.} ({Right was} 40... Rc7+ 41. Kb4 b5 $17) ({or} 40...
b5+ 41. Kc5 Rde6 42. Rg1+ Kf8 43. b4 {and it is not easy to repel white K from
c5.} Re5+ 44. Rxe5 Rxe5+ 45. Kb6 Re6+ 46. Kc5 (46. Kb7 f5 $19) 46... Ke7 $17 {
Therefore, Black keep advantage.}) 41. Kc3 {[%csl Rf7]} f6 42. axb6 Rxb6 43.
Ra5 Rg4 44. Rfa1 Rg3+ 45. Kc2 Rg2+ 46. Kc3 Rbxb2 47. Rxa6 {The last pair of PP
are changed. However,position is not drawn.} Rbf2 48. Kd4 Rg3 49. Re1 Kg6 50.
Re3 {After pair of RR change position will dead drawn.} Rgg2 51. Ree6 Kg5 52.
Ke3 Rh2 53. Reb6 Re2+ 54. Kf3 $4 {[%mdl 8192]} (54. Kd3 f5 $17 (54... Rd2+ $6
55. Ke3 $1 (55. Kc3 f5 $17) 55... Rde2+ (55... Kg4 $6 56. Ra4+ Kg3 57. Ke4 Rh4+
58. Ke3 Rxa4 59. Kxd2 f5 60. Ke2 Ra2+ 61. Kf1 f4 62. Rg6+ (62. Rb8 Ra1+ 63. Ke2
f3+ $19) 62... Kf3 63. Kg1 Ra1+ 64. Kh2 Ke2 65. Rb6 Rd1 (65... f3 66. Rb2+ $11)
66. Rb2+ Rd2 67. Rb1 f3 68. Kg3 $11) 56. Kd3 f5 $17)) 54... Kh4 {[%csl Rf3]
[%cal Gh2f2]} 55. Ra1 (55. Ra4+ Kh3 56. Kf4 Rhf2#) 0-1